Нормален изглед
MARC изглед
- Топалов, Олег Степанов
Вход 01. Лично име
001 - Контролен номер на записа
- Контролно поле: 394369
003 - Код на организацията, даваща контролен номер
- Контролно поле: BLK
005 - Дата и час на последна промяна на записа
- Контролно поле: 20230718153953.0
008 - Данни с фиксирана дължина – обща информация
- Данни с фиксирана дължина : 190617|| aca||aabn | a|a d
100 ## - ИМЕ НА ЛИЦЕ -ПЪРВИЧНА ИНТЕЛЕКТУАЛНА ОТГОВОРНОСТ
- Лично име: Топалов, Олег Степанов
- Дати, свързани с автора: 1973-
942 ## - Системна служебна употреба
- Koha auth type: PERSO_NAME